Gaming Quiz

Random Gaming Quiz

Halo wars meta's and 50 ts Quiz Stats

 Plays Quiz not verified by Sporcle

Challenge
Share
Tweet
Embed
Score 0/8 Timer 10:00
0 Plays Today
% Correct
gauss
70.6%
Banshees
70.6%
kibbles
61.8%
Topher
55.9%
Captain savior
50%
Allmirante
50%
brute
44.1%
arbiter
44.1%

You're not logged in!

Compare scores with friends on all Sporcle quizzes.
Join for Free
OR
Log In

You Might Also Like...

Show Comments

Extras

Created Nov 22, 2016ReportNominate
Tags:halo

Top Quizzes Today


Score Distribution

Your Account Isn't Verified!

In order to create a playlist on Sporcle, you need to verify the email address you used during registration. Go to your Sporcle Settings to finish the process.

Report this User

Report this user for behavior that violates our Community Guidelines.

Details: